Score 0/24 Timer 04:00
0 Plays Today
Hint Answer % Correct
Eiffel ____ - completed 1889Tower
97.5%
____ Marx - communist theoristKarl
97.1%
Ludwig van ____ - composerBeethoven
96.7%
____ VictoriaQueen
96.5%
Vincent van ____ - painterGogh
96.4%
Jack the ____ - criminalRipper
96%
The ___ Duckling - published 1843Ugly
93.7%
Irish Potato ____ - 1845-1852Famine
92.7%
Jane ____ - published 1847Eyre
91.3%
Florence ____ - nursing pioneerNightingale
91.2%
Jane ____ - authorAusten
90.4%
____ von Bismarck - statesmanOtto
90.1%
Hint Answer % Correct
____ Fair - published 1847-1848Vanity
88.7%
Franco-____ War - 1870-1871Prussian
85.3%
____ Night - painted 1889Starry
83.3%
Alexandre ____ - writerDumas
79.9%
Charge of the ____ Brigade - 1854Light
79.9%
____ War - 1853-1856Crimean
77.2%
Battle of ____ - 1815Waterloo
74.3%
Émile ____ - writer Zola
66.9%
Dmitri ____ - scientistMendeleev
46.9%
____ de Balzac - writerHonoré
42.3%
____ Monarchy - 1830-1848July
14%
____ Repin - painterIlya
10.8%

Today's Daily Dose

You're not logged in!

Compare scores with friends on all Sporcle quizzes.
OR
Log In

Sporcle TV

Today on Sporcle TV


Watch our educational content, quiz creation guides, and fun videos on Sporcle TV.

Show Comments

Extras

Top Quizzes Today


Score Distribution

Your Account Isn't Verified!

In order to create a playlist on Sporcle, you need to verify the email address you used during registration. Go to your Sporcle Settings to finish the process.

Report this User

Report this user for behavior that violates our Community Guidelines.

Details: